Element Names of Countries - Statistics

General Stats
  • This quiz has been taken 2,547 times
  • The average score is 13 of 15
Answer Stats
Hint Answer % Correct
Fluorine + Radium + Nitrogen + Cerium France
98%
Argon + Germanium + Nitrogen + Titanium + Sodium Argentina
90%
Potassium + Iridium + Iodine + Barium + Titanium Kiribati
89%
Lanthanum + Osmium Laos
89%
Phosphorus + Aluminum + Gold Palau
89%
Beryllium + Lanthanum + Ruthenium + Sulfur Belarus
88%
Neon + Thorium + Erbium + Lanthanum + Nitrogen + Darmstadtium Netherlands
87%
Phosphorus + Hydrogen + Iodine + Lithium + Phosphorus + Phosphorus + Indium + Einsteinium Philippines
87%
Bromine + Uranium + Neon + Iodine Brunei
86%
Potassium + Osmium + Oxygen + Vanadium + Oxygen Kosovo
86%
Nitrogen + Gold + Ruthenium Nauru
86%
Fluorine + Indium + Lanthanum + Neodymium Finland
85%
Barium + Hydrogen + Americium + Arsenic Bahamas
84%
Holmium + Neodymium + Uranium + Radium + Sulfur Honduras
82%
Einsteinium + Tungsten + Astatine + Indium + Iodine Eswatini
76%
No matching quizzes found
Score Distribution
Percent of People with Each Score
Percentile by Number Answered
Your Score History
You have not taken this quiz